| 000 | 01538nam0a2200325 4500 | ||
|---|---|---|---|
| 001 | RU\NLR\bibl\62000 | ||
| 005 | 20260407080335.0 | ||
| 010 |
_a5-88996-111-Х _9300 |
||
| 021 |
_aRU _b99-25398 _91239 |
||
| 035 | _a(NLR Aleph) 000060496 | ||
| 090 |
_a329274 _c329274 |
||
| 100 | _a19991203d1999 |||y0rusy50 ca | ||
| 101 | 0 | _arus | |
| 102 | _aRU | ||
| 105 | _aa ||||||||| | ||
| 200 | 1 |
_aПроблемы управления и предпринимательства в социальной сфере _eСб. науч. тр. _fМ-во общ. и проф. образования Рос. Федерации, С.-Петерб. гос. инж.-экон. акад. _g[Редкол.: засл. деят. науки и техники РФ, акад., д.э.н., проф. К.Ф. Пузыня (отв. ред.) и др.] |
|
| 210 |
_aСПб _cСПбГИЭА _d1999 |
||
| 215 |
_a104 с. _cил. _d20 |
||
| 225 | 1 | _aЭкономика и менеджмент в социальной сфере | |
| 320 | _aБиблиогр. в конце ст. | ||
| 606 | 0 |
_aСоциальная сфера _jСборники _xУправление _92093398 _3RU\NLR\auth\661266843 |
|
| 686 | _aУ27(2)2-21я43 | ||
| 702 | 1 |
_aПузыня _bК. Ф. _4340 |
|
| 711 | 0 | 2 |
_4070 _aСанкт-Петербургская инженерно-экономическая академия _3RU\NLR\AUTH\884943 _9281503 |
| 801 | 0 |
_aRU _bNLR _c19991203 _gPSBO |
|
| 801 | 1 |
_aRU _bNLR _c19991203 |
|
| 852 |
_aNLR _j99-3/15332 |
||
| 942 | _cBOOK | ||
| 980 | _aNB | ||